000 00249nam a2200085Ia 4500
008 170620s9999 xx 000 0 und d
100 _aMahmud- Jafar
245 0 _aPsychological Perception- Anatomy of Judgment
260 _bNew Delhi- A.P.H. Publishing corporation
260 _c2005
999 _c24772
_d24772